Essential psychology (Record no. 86387)

MARC details
000 -LEADER
fixed length control field 00823 a2200277 4500
003 - CONTROL NUMBER IDENTIFIER
control field CBULib
005 - DATE AND TIME OF LATEST TRANSACTION
control field 20250912093559.0
008 - FIXED-LENGTH DATA ELEMENTS--GENERAL INFORMATION
fixed length control field 250912b |||||||| |||| 00| 0 eng d
020 ## - INTERNATIONAL STANDARD BOOK NUMBER
International Standard Book Number 9781529666564
040 ## - CATALOGING SOURCE
Language of cataloging English
Transcribing agency CBULib
Description conventions rda
041 ## - LANGUAGE CODE
Language code of text/sound track or separate title eng
050 ## - LIBRARY OF CONGRESS CALL NUMBER
Classification number BF 121 Ban
100 ## - MAIN ENTRY--PERSONAL NAME
Personal name Banyard, Philip
245 ## - TITLE STATEMENT
Title Essential psychology
Statement of responsibility, etc / by Philip Banyard; Christine Norman; Gayle Dillon and Belinda Winder
250 ## - EDITION STATEMENT
Edition statement Fourth edition.
260 ## - PUBLICATION, DISTRIBUTION, ETC. (IMPRINT)
Name of publisher, distributor, etc SAGE,
Date of publication, distribution, etc 2024
Place of publication, distribution, etc London :
300 ## - PHYSICAL DESCRIPTION
Extent x, 773 pages : illustrations
336 ## - CONTENT TYPE
Source rdacontent
Content type term Text |
Content type code txt
337 ## - MEDIA TYPE
Source rdamedia
Media type term Unmediated |
Media type code n
338 ## - CARRIER TYPE
Source rdacarrier
Carrier type term Volume
Carrier type code nc
650 #0 - SUBJECT ADDED ENTRY--TOPICAL TERM
9 (RLIN) 2878
Topical term or geographic name as entry element PSYCHOLOGY
700 ## - ADDED ENTRY--PERSONAL NAME
9 (RLIN) 4839
Personal name Norman, Christine
700 ## - ADDED ENTRY--PERSONAL NAME
9 (RLIN) 4841
Personal name Dillon, Gayle
700 ## - ADDED ENTRY--PERSONAL NAME
9 (RLIN) 4843
Personal name Winder, Belinda
942 ## - ADDED ENTRY ELEMENTS (KOHA)
Source of classification or shelving scheme
Koha item type MONOGRAPH
Holdings
Withdrawn status Lost status Source of classification or shelving scheme Damaged status Not for loan Collection code Permanent Location Current Location Shelving location Date acquired Source of acquisition Cost, normal purchase price Total Checkouts Full call number Barcode Date last seen Copy number Price effective from Koha item type Date checked out
          Main Library Open Access Collection CBU-MAIN LIBRARY, KITWE. CBU-MAIN LIBRARY, KITWE. General Stacks 09/12/2025 DON-BOOKAID 64.00   BF 121 Ban 753728 09/12/2025 1 09/12/2025 MONOGRAPH  
          Main Library Open Access Collection CBU-MAIN LIBRARY, KITWE. CBU-MAIN LIBRARY, KITWE. General Stacks 09/12/2025 DON-BOOKAID 64.00 1 BF 121 Ban 753727 04/17/2026 2 09/12/2025 MONOGRAPH 03/03/2026